<?xml version="1.0" encoding="UTF-8"?>
<record
    xmlns:xsi="http://www.w3.org/2001/XMLSchema-instance"
    xsi:schemaLocation="http://www.loc.gov/MARC21/slim http://www.loc.gov/standards/marcxml/schema/MARC21slim.xsd"
    xmlns="http://www.loc.gov/MARC21/slim">

  <leader>01039nam a22001697a 4500</leader>
  <controlfield tag="003">SGT</controlfield>
  <datafield tag="020" ind1=" " ind2=" ">
    <subfield code="a">9789351425946</subfield>
  </datafield>
  <datafield tag="082" ind1=" " ind2=" ">
    <subfield code="a">536.7,SHA</subfield>
  </datafield>
  <datafield tag="100" ind1=" " ind2=" ">
    <subfield code="a">SHARMA,J.K</subfield>
  </datafield>
  <datafield tag="245" ind1=" " ind2=" ">
    <subfield code="a">THERMODYNAMICS AND STATISTICAL PHYSICS</subfield>
  </datafield>
  <datafield tag="250" ind1=" " ind2=" ">
    <subfield code="a">1ST</subfield>
  </datafield>
  <datafield tag="260" ind1=" " ind2=" ">
    <subfield code="a">NEW DELHI</subfield>
    <subfield code="b">HIMALAYA PUBLISHING HOUSE</subfield>
    <subfield code="c">2015</subfield>
  </datafield>
  <datafield tag="300" ind1=" " ind2=" ">
    <subfield code="a">443</subfield>
  </datafield>
  <datafield tag="650" ind1=" " ind2=" ">
    <subfield code="a">PHYSICS,HEAT</subfield>
  </datafield>
  <datafield tag="653" ind1=" " ind2=" ">
    <subfield code="a">1. ZEROTH LAW OF THERMODYNAMICS AND TEMPERATURE 2. FIRST LAW OF THERMODYNAMICS 3. PERFECT GASES 4. CONCEPT OF REAL GASES 5. SECOND LAW OF THERMODYNAMICS AND ENTROPY 6. APPLICATIONS OF LAWS OF THERMODYNAMICS 7. EXPERIMENTAL APPLICATIONS OF THERMODYNAMICS (PRODUCTION OF LOW TEMPERATURES) 8. THERMAL CONDUCTION IN SOLIDS 9. ELEMENTS OF CLASSICAL STATISTICS 10. KINETIC THEORY OF GASES 11. TRANSPORT PHENOMENON IN GASES 12. THERMAL RADIATION 13. QUANTUM THEORY OF RADIATION 14. SPECIFIC HEAT OF SOLIDS AND GASES 15. QUANTUM STATISTICS APPENDIX A - SUPER CONDUCTIVITY APPENDIX B - SOME USEFUL DEFINITE INTEGRALS APPENDIX C - PHYSICAL CONSTANTS AND CONVERSION FACTORS</subfield>
  </datafield>
  <datafield tag="942" ind1=" " ind2=" ">
    <subfield code="2">ddc</subfield>
    <subfield code="c">FPS</subfield>
  </datafield>
  <datafield tag="952" ind1=" " ind2=" ">
    <subfield code="0">0</subfield>
    <subfield code="1">0</subfield>
    <subfield code="2">ddc</subfield>
    <subfield code="4">0</subfield>
    <subfield code="7">1</subfield>
    <subfield code="8">FS</subfield>
    <subfield code="a">SSSL</subfield>
    <subfield code="b">SSSL</subfield>
    <subfield code="c">REF</subfield>
    <subfield code="d">2016-07-01</subfield>
    <subfield code="e">KIRTI PRAKASHAN</subfield>
    <subfield code="g">350.00</subfield>
    <subfield code="i">SGTU</subfield>
    <subfield code="o">536.7,SHA</subfield>
    <subfield code="p">PS1406</subfield>
    <subfield code="r">2016-07-01 00:00:00</subfield>
    <subfield code="w">2015-11-24</subfield>
    <subfield code="y">FPS</subfield>
    <subfield code="k">3252</subfield>
  </datafield>
  <datafield tag="952" ind1=" " ind2=" ">
    <subfield code="0">0</subfield>
    <subfield code="1">0</subfield>
    <subfield code="2">ddc</subfield>
    <subfield code="4">0</subfield>
    <subfield code="7">0</subfield>
    <subfield code="8">FS</subfield>
    <subfield code="a">SSSL</subfield>
    <subfield code="b">SSSL</subfield>
    <subfield code="c">DISPLAY</subfield>
    <subfield code="d">2016-07-01</subfield>
    <subfield code="e">KIRTI PRAKASHAN</subfield>
    <subfield code="g">350.00</subfield>
    <subfield code="i">SGTU</subfield>
    <subfield code="l">0</subfield>
    <subfield code="o">536.7,SHA</subfield>
    <subfield code="p">PS1407</subfield>
    <subfield code="r">2016-07-01 00:00:00</subfield>
    <subfield code="w">2015-11-24</subfield>
    <subfield code="y">FPS</subfield>
    <subfield code="k">3252</subfield>
  </datafield>
  <datafield tag="952" ind1=" " ind2=" ">
    <subfield code="0">0</subfield>
    <subfield code="1">0</subfield>
    <subfield code="2">ddc</subfield>
    <subfield code="4">0</subfield>
    <subfield code="7">0</subfield>
    <subfield code="8">FS</subfield>
    <subfield code="a">SSSL</subfield>
    <subfield code="b">SSSL</subfield>
    <subfield code="c">DISPLAY</subfield>
    <subfield code="d">2016-07-01</subfield>
    <subfield code="e">KIRTI PRAKASHAN</subfield>
    <subfield code="g">350.00</subfield>
    <subfield code="i">SGTU</subfield>
    <subfield code="l">11</subfield>
    <subfield code="o">536.7,SHA</subfield>
    <subfield code="p">PS1408</subfield>
    <subfield code="r">2018-12-05 00:00:00</subfield>
    <subfield code="s">2018-11-27</subfield>
    <subfield code="w">2015-11-24</subfield>
    <subfield code="y">FPS</subfield>
    <subfield code="k">3252</subfield>
  </datafield>
  <datafield tag="999" ind1=" " ind2=" ">
    <subfield code="c">9394</subfield>
    <subfield code="d">9394</subfield>
  </datafield>
</record>
